00537nam a22001577a 450000500170000000800410001702000180005804100130007608200140008910000270010324501230013025000190025326000470027230000350031965000250035420231128071425.0231128b |||||||| |||| 00| 0 eng d a9780702194221 aEnglish  a340.9 FOR aForsyth, CF lEnglish  aPrivate International Law : bThe Modern Roman-Dutch Law including the Jurisdiction of the High Courts / cCF Forsyth  aFifth Edition  aCape Town : bJuta and Company Ltd, c2012 blxvii, 504 pages ; c25,5 cm.  aLegal practice bLaw